| 000 | 01677nam a22002177a 4500 | ||
|---|---|---|---|
| 999 |
_c58490 _d58490 |
||
| 003 | Ge_BSU | ||
| 005 | 20221221133249.0 | ||
| 008 | 220414s2022 ge ||||| |||| 00| 0 geo d | ||
| 041 | _ageo | ||
| 080 | _a33 ბ-52 | ||
| 100 |
_aბერიძე, ირაკლი _913674 |
||
| 245 |
_aმდგრადი მუნიციპალური განვითარების სტრატეგია-სარესურსო პოტენციალის რაციონალური გამოყენება, ეფექტური მექანიზმები : _bდისერტაცია / _cირაკლი ბერიძე; სამეცნიერო ხელმძღვანელი რ. მანველიძე; ბათუმის შოთა რუსთაველის სახელმწიფო უნივერსიტეტი. ეკონომიკისა და ბიზნესის ფაკულტეტი. |
||
| 264 |
_aბათუმი, _c2022. |
||
| 300 |
_a152 გვ.; _b30 სმ. |
||
| 504 | _aბიბლიოგრ. გვ.143-152 | ||
| 653 | _aეკონომიკა | ||
| 653 | _aბიზნესის ადმინისტრირება | ||
| 700 |
_aმანველიძე, რ. _eსამეცნიერო ხელმძღვანელი _910484 |
||
| 710 |
_aბათუმის შორტა რუსთაველის სახელმწიფო უნივერსიტეტი. _b ეკონომიკისა და ბიზნესის ფაკულტეტი. _913675 |
||
| 942 |
_2udc _cDS |
||